| 000 | 00454nam a2200181 a 4500 | ||
|---|---|---|---|
| 001 | 1758091731272 | ||
| 003 | ACL | ||
| 005 | 20250917122059.0 | ||
| 008 | 250917s2001##################000#0#eng## | ||
| 020 | _a9780743437257 | ||
| 082 | 0 | 4 |
_a791.4575 _bLEB |
| 100 | 1 |
_aLebowitz, Adam, _eauthor. |
|
| 245 | 1 | 0 | _aStar Trek: Starship Spotter : |
| 260 |
_bPocket Books/Star Trek, _c2001. |
||
| 650 | 0 | _aFiction. | |
| 942 | _cENGLISH | ||
| 040 |
_aACL _beng _cACL |
||
| 999 |
_c587626 _d587626 |
||